书目信息 |
| 题名: |
社会组织劳动法实务与风险防范
|
|
| 作者: | 林文漪 著 | |
| 分册: | ||
| 出版信息: | 北京 法律出版社 2016 |
|
| 页数: | 128页 | |
| 开本: | 23cm | |
| 丛书名: | 中国非营利组织法律实务丛书 | |
| 单 册: | ||
| 中图分类: | D922.504 | |
| 科图分类: | ||
| 主题词: | 劳动法--研究--中国 | |
| 电子资源: | ||
| ISBN: | 978-7-5118-8344-5 | |
| 000 | 00911nam0 2200265 450 | |
| 001 | 351547 | |
| 005 | 20161017103129.53 | |
| 010 | @a978-7-5118-8344-5@dCNY30.00 | |
| 100 | @a20160623d2016 em y0chiy50 ea | |
| 101 | 0 | @achi |
| 102 | @aCN@b110000 | |
| 105 | @ay zn 000yy | |
| 106 | @ar | |
| 200 | 1 | @a社会组织劳动法实务与风险防范@f林文漪著 |
| 210 | @a北京@c法律出版社@d2016 | |
| 215 | @a128页@d23cm | |
| 225 | 2 | @a中国非营利组织法律实务丛书 |
| 300 | @a爱佑慈善基金会资助出版 上海浦东新区民政局资助 复恩法律 | |
| 330 | @a本书涵盖了社会组织劳动法实务的各个方面,明确指出社会组织劳动法风险雷区,全方位为社会组织防控劳动法律风险,降低劳动争议发生概率,为社会组织人力资源管理保驾护航。 | |
| 461 | 0 | @12001 @a中国非营利组织法律实务丛书 |
| 606 | 0 | @a劳动法@x研究@y中国 |
| 690 | @aD922.504@v5 | |
| 701 | 0 | @a林文漪@c(法律)@4著 |
| 801 | 0 | @aCN@bTANGWEI@c20160820 |
| 905 | @b0895225-9@dD922.504@e1449@f5 | |
| 社会组织劳动法实务与风险防范/林文漪著.-北京:法律出版社,2016 |
| 128页;23cm.-(中国非营利组织法律实务丛书) |
| 爱佑慈善基金会资助出版 上海浦东新区民政局资助 复恩法律 |
| ISBN 978-7-5118-8344-5:CNY30.00 |
| 本书涵盖了社会组织劳动法实务的各个方面,明确指出社会组织劳动法风险雷区,全方位为社会组织防控劳动法律风险,降低劳动争议发生概率,为社会组织人力资源管理保驾护航。 |
| ● |
| 相关链接 |
|
|
|
|
正题名:社会组织劳动法实务与风险防范
索取号:D922.504/1449
 
预约/预借
| 序号 | 登录号 | 条形码 | 馆藏地/架位号 | 状态 | 备注 |
| 1 | 0895225 | 208952258 | 第一样本阅览室/ [索取号:D922.504/1449] | 在馆 | |
| 2 | 0895226 | 208952267 | 第一借阅区/ [索取号:D922.504/1449] | 在馆 | |
| 3 | 0895227 | 208952276 | 第一借阅区/ [索取号:D922.504/1449] | 在馆 | |
| 4 | 0895228 | 208952285 | 第一借阅区/ [索取号:D922.504/1449] | 在馆 | |
| 5 | 0895229 | 208952294 | 史法系资料室/ [索取号:D922.504/1449] | 在馆 |